Normal view
MARC view
Entry Personal Name
001 - CONTROL NUMBER
- control field: 1223
003 - CONTROL NUMBER IDENTIFIER
- control field: OSt
005 - DATE AND TIME OF LATEST TRANSACTION
- control field: 20260108121918.0
008 - FIXED-LENGTH DATA ELEMENTS
- fixed length control field: 260108|| aca||aabn | a|a d
040 ## - CATALOGING SOURCE
- Original cataloging agency: OSt
- Transcribing agency: OSt
100 ## - HEADING--PERSONAL NAME
- Personal name: Budhi bal Rana
670 ## - SOURCE DATA FOUND
- Source citation: Work cat.: (OSt)20827: Budhi bal Rana, A Comparison of high frequency yoga breathing (HFYB) with breath awareness (BAW) and aerobic exercise assessing neuroplasticity by gamma oscillation, BDNF levels, and cognitive task performance., 2025